| 000 | 00774nam a2200241 a 4500 | ||
|---|---|---|---|
| 001 | BRCA_5236 | ||
| 005 | 20190320205010.0 | ||
| 008 | 730523s1973 nyua#####b---#000-0#eng-# | ||
| 020 | _a0394488113 | ||
| 041 | _aeng | ||
| 044 | _anyu | ||
| 050 | 4 |
_aNK1125 _b.R35 1973 |
|
| 245 | 1 | 0 |
_aThe Random House Encyclopedia of Antiques _cintroduction by John Pope-Hennessy. |
| 260 |
_aNueva York _bRandom House _c1973 |
||
| 300 |
_a400 p. _bil. (algunas a color), mapas _c28 cm. |
||
| 500 | _aDonación Dr. Héctor Rivero Borrell Vázquez | ||
| 504 | _aBibliografía: p. [391]-398. | ||
| 650 | 1 | 4 |
_aAntigüedades _vDiccionarios _913413 |
| 650 | 1 | 4 |
_aObjetos de arte _xColeccionistas y colecciones _913414 |
| 700 | 1 |
_aPope-Hennessy, John _913415 |
|
| 902 | _aDHR | ||
| 942 |
_2lcc _cB |
||
| 999 |
_c4930 _d4930 |
||